000 00666nam a22002297a 4500
001 BR7375481
003 BR-BrBNA
005 20230928084424.0
007 ta
008 230509b bl.||||| |||| 00| 0 por d
040 _aBR-BrBNA
_bpor
_cBiblioteca Nacional de Agricultura
041 _a(Por)
072 _aE10; D50
_b/G514
090 _ E10 BR7375481
110 1 _aSociedade Paulista de Agronomia, Sao Paulo, SP (Brasil). Nucleo de Estudos da Reforma Agraria
_99949
245 1 _aReforma Agraria [Brasil]
260 3 _aSao Paulo, SP (Brasil):
_c1953.
300 _a144 p.
650 _aREFORMA AGRARIA
909 _a202309
_bLucia
_c55
_dLucia Elande
942 _cBK
999 _c18851
_d18851